000 00479nam a2200169Ia 4500
008 240729s9999 xx 000 0 und d
022 _a2331-4702
245 0 _aJournal of Technology Education
260 _aUnited States
260 _bVirginia Tech Libraries
650 _a Education (General) | Technology
650 _a Technology (General)
650 _aEducation
856 _uhttps://doaj.org/toc/f913fe4f7cf644758d26c9389df96c4b
942 _2ddc
942 _cDOAJEJ
999 _c72481
_d72481
945 _a1
_bMadushi Gamage
_c1
_dMadushi Gamage